00408 2200157 4500001002100000008004100021035002000062245005200082100001900134250000600153260004300159084001400202082000800216650001400224990001200238INLIS000000000001575 ind  a0010-0125000073 aPsikologi Belajar & MengajarcDr. Oemar Hamalik aHamalik, Oemar a1 aJakarta :bSinar Baru Algansindoc2009 a370 OEM p a370 aNon Fiksi a0714425